Loading...
| History - European History | 0 | 6 | 0 | 2 | 60 | 75 | 100.17 | 0 | 3 |
| History - World History | 0 | 5 | 1 | 3 | 45 | 81 | 101.40 | 1 | 4 |
| History - American History | 0 | 1 | 0 | 0 | 10 | 104 | 104.00 | 0 | 0 |
| Philosophy | 0 | 1 | 0 | 0 | 10 | 47 | 47.00 | 0 | 1 |
| Geography | 0 | 1 | 0 | 0 | 10 | 91 | 91.00 | 0 | 0 |
| Mythology | 0 | 1 | 0 | 0 | 10 | 106 | 106.00 | 0 | 0 |
| Religion | 0 | 1 | 0 | 1 | 10 | 129 | 129.00 | 0 | 1 |
| Science - Biology | 0 | 1 | 0 | 1 | 10 | 115 | 115.00 | 0 | 0 |
| History - Other History | 0 | 1 | 1 | 0 | 5 | 123 | 123.00 | 0 | 1 |
| Social Science | 0 | 1 | 1 | 0 | 5 | 93 | 93.00 | 0 | 0 |
| Fine Arts - Other Fine Arts | 0 | 0 | 0 | 0 | 0 | 0.00 | 0 | 0 | |
| Literature - World Literature | 0 | 0 | 1 | 0 | -5 | 0.00 | 0 | 0 | |
| Literature - European Literature | 0 | 0 | 1 | 0 | -5 | 0.00 | 0 | 0 |